[Event "6th EUR-ch (w) WCC playoff"]
[Site "Chisinau MDA"]
[Date "2005.06.24"]
[Round "1.1"]
[White "Matnadze, Ana"]
[Black "Cmilyte, Viktorija"]
[Result "1-0"]
[WhiteElo "2376"]
[BlackElo "2459"]
[EventDate "2005.06.24"]
[PlyCount "131"]

1.Nf3 f5 2.d4 Nf6 3.g3 g6 4.Bg2 Bg7 5.O-O O-O 6.d5 a5 7.c4 Na6 8.Nc3 Qe8 
9.Rb1 d6 10.b3 Bd7 11.Bb2 c6 12.Nd4 Nc7 13.Qd3 Rb8 14.a3 Ng4 15.h3 Ne5 16.
Qd2 c5 17.Nc2 b5 18.f4 Nf7 19.Nxb5 Nxb5 20.Bxg7 Kxg7 21.cxb5 Bxb5 22.Qxa5 
Bxe2 23.Rfe1 Bb5 24.Re3 Nd8 25.Rbe1 Rf7 26.a4 Bd7 27.Bf1 Kg8 28.Na3 Nb7 
29.Qc7 Qd8 30.Qxd8+ Nxd8 31.a5 Ra8 32.Nc4 Bb5 33.Ra1 Ba6 34.Kf2 Kf8 35.Re2
Ra7 36.Rb2 Bxc4 37.Bxc4 e6 38.dxe6 Rfc7 39.Rd2 Ke7 40.Rad1 Nc6 41.Rxd6 Nd4
42.Rd7+ Rxd7 43.exd7 Kxd7 44.a6 Kc6 45.Re1 Nb5 46.Re6+ Nd6 47.Bd3 Kd7 48.
Re5 c4 49.bxc4 Rxa6 50.c5 Ra2+ 51.Ke3 Nf7 52.Bb5+ Kc8 53.Re7 Ra3+ 54.Kd4 
Nd8 55.Kd5 Ra5 56.Kc4 Ra3 57.c6 Nxc6 58.Bxc6 h5 59.Kd5 Rxg3 60.Kd6 Rd3+ 
61.Bd5 Kb8 62.Rb7+ Kc8 63.Rg7 Kb8 64.h4 Rg3 65.Rb7+ Kc8 66.Rb3 1-0

[Event "6th EUR-ch (w) WCC playoff"]
[Site "Chisinau MDA"]
[Date "2005.06.24"]
[Round "1.1"]
[White "Jackova, Jana"]
[Black "Javakhishvili, Lela"]
[Result "1-0"]
[WhiteElo "2406"]
[BlackElo "2430"]
[EventDate "2005.06.24"]
[PlyCount "55"]

1.e4 c6 2.d4 d5 3.Nd2 dxe4 4.Nxe4 Bf5 5.Ng3 Bg6 6.h4 h6 7.Nf3 Nd7 8.h5 Bh7
9.Bd3 Bxd3 10.Qxd3 e6 11.Bf4 Ngf6 12.O-O-O Qa5 13.Kb1 Be7 14.Ne5 O-O 15.
Nxd7 Nxd7 16.Ne4 Nf6 17.g4 Nxe4 18.Qxe4 Rad8 19.Rhg1 Bf6 20.c3 Rd5 21.Be3 
Rfd8 22.f4 c5 23.g5 hxg5 24.fxg5 cxd4 25.gxf6 dxe3 26.Rxg7+ Kf8 27.Rxf7+ 
Kxf7 28.Qg6+ 1-0

[Event "6th EUR-ch (w) WCC playoff"]
[Site "Chisinau MDA"]
[Date "2005.06.24"]
[Round "1.2"]
[White "Javakhishvili, Lela"]
[Black "Jackova, Jana"]
[Result "1-0"]
[WhiteElo "2430"]
[BlackElo "2406"]
[EventDate "2005.06.24"]
[PlyCount "85"]

1.d4 Nf6 2.c4 e6 3.Nf3 b6 4.e3 Bb7 5.Bd3 c5 6.Nc3 d6 7.O-O Nbd7 8.Re1 a6 
9.a3 g6 10.b4 Bg7 11.Bb2 O-O 12.Rc1 Rc8 13.Bf1 Qc7 14.bxc5 bxc5 15.d5 Rfe8
16.Rb1 Rb8 17.e4 e5 18.Nd2 Nh5 19.Na4 Qd8 20.Nb3 Rf8 21.Bc3 Ba8 22.Ba5 Qe7
23.Bd2 Bf6 24.Na5 Rxb1 25.Qxb1 Bg5 26.Bc3 Rc8 27.Qc2 Ng7 28.Rb1 Qd8 29.Bd3
h5 30.Rb2 h4 31.Qb1 Nh5 32.Bf1 Bh6 33.Nb6 Nxb6 34.Rxb6 Nf4 35.h3 Kg7 36.
Rxa6 Rb8 37.Qd1 Bb7 38.Nc6 Bxc6 39.dxc6 Ne6 40.Ra7 Qb6 41.Qxd6 Rd8 42.
Qxe5+ Kg8 43.Qh8# 1-0

[Event "6th EUR-ch (w) WCC playoff"]
[Site "Chisinau MDA"]
[Date "2005.06.24"]
[Round "1.3"]
[White "Javakhishvili, Lela"]
[Black "Jackova, Jana"]
[Result "1-0"]
[WhiteElo "2430"]
[BlackElo "2406"]
[EventDate "2005.06.24"]
[PlyCount "82"]

1.d4 Nf6 2.c4 e6 3.Nc3 Bb4 4.Bg5 h6 5.Bh4 b6 6.Nf3 Bb7 7.e3 c5 8.a3 Bxc3+ 
9.bxc3 d6 10.Bd3 Nbd7 11.Nd2 Qc7 12.e4 e5 13.d5 O-O-O 14.Bc2 Rdf8 15.Ba4 
g5 16.Bg3 Ne8 17.h4 Ng7 18.Bxd7+ Qxd7 19.a4 f5 20.a5 f4 21.Bh2 g4 22.axb6 
axb6 23.Qb3 g3 24.Bg1 gxf2+ 25.Bxf2 Nh5 26.Qxb6 Ng3 27.Bxg3 fxg3 28.Nf3 
Qg4 29.O-O-O Qxe4 30.Qxd6 Qxc4 31.Qe6+ Kb8 32.Qd6+ Kc8 33.Qe6+ Kb8 34.
Qxe5+ Kc8 35.Rhe1 Rd8 36.Qe6+ Kb8 37.Qe5+ Kc8 38.d6 Qa2 39.d7+ Rxd7 40.
Qxh8+ Kc7 41.Qe5+ Kb6 1-0

[Event "6th EUR-ch (w) WCC playoff"]
[Site "Chisinau MDA"]
[Date "2005.06.24"]
[Round "1.4"]
[White "Jackova, Jana"]
[Black "Javakhishvili, Lela"]
[Result "0-1"]
[WhiteElo "2406"]
[BlackElo "2430"]
[EventDate "2005.06.24"]
[PlyCount "72"]

1.e4 c5 2.Nf3 Nc6 3.d4 cxd4 4.Nxd4 Qc7 5.Nc3 e6 6.Be3 a6 7.Bd3 Nf6 8.O-O 
Ne5 9.h3 Bc5 10.Kh1 d6 11.f4 Ng6 12.f5 Ne5 13.Nce2 exf5 14.exf5 b5 15.Bg5 
Bb7 16.a4 b4 17.Qe1 Nfd7 18.Qg3 Qb6 19.Nb3 f6 20.Bf4 O-O-O 21.a5 Qa7 22.c3
bxc3 23.Nxc3 g5 24.fxg6 hxg6 25.Na4 Kb8 26.Nbxc5 Nxc5 27.Nxc5 Qxc5 28.b4 
Qd5 29.Bxa6 Bxa6 30.b5 Bxb5 31.Rfb1 Ka8 32.a6 Rb8 33.a7 Rb7 34.Qe3 Bc6 35.
Rg1 Ng4 36.Qg3 Rxh3+ 0-1

[Event "6th EUR-ch (w) WCC playoff"]
[Site "Chisinau MDA"]
[Date "2005.06.24"]
[Round "1.1"]
[White "Sedina, Elena"]
[Black "Vasilevich, Irina"]
[Result "1/2-1/2"]
[WhiteElo "2422"]
[BlackElo "2347"]
[EventDate "2005.06.24"]
[PlyCount "95"]

1.e4 c5 2.Nf3 e6 3.c3 Nf6 4.e5 Nd5 5.d4 cxd4 6.cxd4 b6 7.Nc3 Nxc3 8.bxc3 
Qc7 9.Be2 Qxc3+ 10.Bd2 Qc7 11.Rc1 Nc6 12.O-O Be7 13.Bd3 Bb7 14.d5 exd5 15.
Nd4 g6 16.Nb5 Qb8 17.Bh6 a6 18.Nd6+ Bxd6 19.exd6 Qxd6 20.Re1+ Kd8 21.Qf3 
f6 22.Bf4 Ne5 23.Qg3 Re8 24.Qh4 Bc6 25.Bg3 g5 26.Qxh7 Kc7 27.Bb1 Kb7 28.
Qf5 Qe6 29.h4 Qxf5 30.Bxf5 gxh4 31.Bxh4 Rg8 32.Bg3 Rg5 33.Bb1 d4 34.Rcd1 
Re8 35.Be4 Bxe4 36.Rxe4 Rc8 37.Rexd4 Rc2 38.a4 b5 39.axb5 axb5 40.Rd6 Rf5 
41.Rb1 Rc5 42.Bxe5 fxe5 43.Rxd7+ Kc6 44.Rd8 Kc7 45.Rh8 e4 46.Re8 Rc2 47.
Rxe4 Rfxf2 48.Rxb5 1/2-1/2

[Event "6th EUR-ch (w) WCC playoff"]
[Site "Chisinau MDA"]
[Date "2005.06.24"]
[Round "1.2"]
[White "Vasilevich, Irina"]
[Black "Sedina, Elena"]
[Result "1/2-1/2"]
[WhiteElo "2347"]
[BlackElo "2422"]
[EventDate "2005.06.24"]
[PlyCount "43"]

1.e4 e6 2.d4 d5 3.Nc3 Bb4 4.e5 c5 5.Bd2 Nc6 6.Nb5 Bxd2+ 7.Qxd2 Nxd4 8.Nxd4
cxd4 9.Nf3 Ne7 10.Nxd4 Bd7 11.c3 Qb6 12.Be2 Nc6 13.Nxc6 bxc6 14.O-O O-O 
15.Rfe1 c5 16.Bd3 f5 17.exf6 Rxf6 18.Re5 Raf8 19.Rf1 Bb5 20.Bxb5 Qxb5 21.
b3 c4 22.bxc4 1/2-1/2

[Event "6th EUR-ch (w) WCC playoff"]
[Site "Chisinau MDA"]
[Date "2005.06.24"]
[Round "1.3"]
[White "Vasilevich, Irina"]
[Black "Sedina, Elena"]
[Result "1-0"]
[WhiteElo "2347"]
[BlackElo "2422"]
[EventDate "2005.06.24"]
[PlyCount "52"]

1.e4 e6 2.d4 d5 3.Nc3 Bb4 4.e5 c5 5.Bd2 Nc6 6.Qg4 Nge7 7.Qxg7 Rg8 8.Qxh7 
cxd4 9.Nb5 Bxd2+ 10.Kxd2 Nxe5 11.Nf3 Nxf3+ 12.gxf3 Qb6 13.Qd3 e5 14.Qa3 
Bd7 15.Nd6+ Kf8 16.Bd3 a5 17.Rae1 f6 18.h4 Qb4+ 19.Qxb4 axb4 20.h5 Nc8 21.
Nxb7 Ne7 22.h6 Nf5 23.h7 Rh8 24.Rh5 Ng7 25.Rh6 Kf7 26.Rg1 Be6 1-0

[Event "6th EUR-ch (w) WCC playoff"]
[Site "Chisinau MDA"]
[Date "2005.06.24"]
[Round "1.4"]
[White "Sedina, Elena"]
[Black "Vasilevich, Irina"]
[Result "1-0"]
[WhiteElo "2422"]
[BlackElo "2347"]
[EventDate "2005.06.24"]
[PlyCount "125"]

1.e4 c5 2.Nf3 e6 3.c3 Nf6 4.e5 Nd5 5.Bc4 b6 6.Bxd5 exd5 7.d4 cxd4 8.O-O 
Nc6 9.Nxd4 Nxd4 10.Qxd4 Bb7 11.Nd2 Qc7 12.Nf3 Qc4 13.Bf4 Bc5 14.Qd2 O-O 
15.b3 Qe4 16.Rfe1 Qg6 17.Nd4 Rac8 18.Re3 Bxd4 19.Qxd4 Qe6 20.Rae1 Rfe8 21.
h4 Rc6 22.Rg3 g6 23.h5 Qf5 24.Rg5 Qc2 25.Rg3 Rec8 26.h6 Re6 27.Bg5 Qxa2 
28.f4 f5 29.Bf6 Qxb3 30.Ree3 Qc4 31.Qd2 d4 32.cxd4 Qc1+ 33.Qxc1 Rxc1+ 34.
Kh2 Bd5 35.Ra3 a5 36.Bd8 Rc2 37.Rg5 Rec6 38.Bf6 Rf2 39.Rh3 Kf7 40.Rhg3 
Rcc2 41.Rxg6 a4 42.Rg7+ Ke8 43.Rg8+ Bxg8 44.Rxg8+ Kf7 45.Rg7+ Ke8 46.d5 a3
47.e6 dxe6 48.dxe6 Rxg2+ 49.Rxg2 Rxg2+ 50.Kxg2 b5 51.Kf2 a2 52.Ke2 a1=Q 
53.Bxa1 Ke7 54.Ke3 Kxe6 55.Bc3 Kf7 56.Kd4 Kg6 57.Ke5 Kxh6 58.Kxf5 Kh5 59.
Ke6 Kg4 60.f5 h5 61.f6 h4 62.f7 h3 63.f8=Q 1-0

[Event "6th EUR-ch (w) WCC playoff"]
[Site "Chisinau MDA"]
[Date "2005.06.24"]
[Round "1.5"]
[White "Sedina, Elena"]
[Black "Vasilevich, Irina"]
[Result "1-0"]
[WhiteElo "2422"]
[BlackElo "2347"]
[EventDate "2005.06.24"]
[PlyCount "75"]

1.e4 c5 2.Nf3 e6 3.c3 d5 4.exd5 Qxd5 5.d4 Nf6 6.Bd3 cxd4 7.cxd4 Nc6 8.O-O 
Be7 9.Nc3 Qd8 10.a3 O-O 11.Bc2 b6 12.Qd3 Bb7 13.Re1 Rc8 14.d5 exd5 15.Bg5 
g6 16.Rxe7 Nxe7 17.Bxf6 Qd6 18.Be5 Qd7 19.Re1 Nf5 20.Nd4 Nxd4 21.Bxd4 Rfe8
22.Re2 Rxe2 23.Qxe2 Re8 24.Qd2 Qg4 25.h3 Qh4 26.Ba4 Re7 27.Kh2 Re6 28.Bd1 
Qe7 29.Bg4 Re1 30.Ne2 Qd6+ 31.g3 Rb1 32.Qh6 f6 33.Qf4 Qxf4 34.Nxf4 Kf7 35.
Be6+ Ke7 36.Bxd5 Ba6 37.Be4 f5 38.Bxb1 1-0

[Event "6th EUR-ch (w) WCC playoff"]
[Site "Chisinau MDA"]
[Date "2005.06.24"]
[Round "1.2"]
[White "Ovod, Evgenia"]
[Black "Bojkovic, Natasa"]
[Result "0-1"]
[WhiteElo "2305"]
[BlackElo "2371"]
[EventDate "2005.06.24"]
[PlyCount "118"]

1.d4 Nf6 2.c4 e6 3.Nc3 Bb4 4.Qc2 O-O 5.a3 Bxc3+ 6.Qxc3 d6 7.Bg5 Nbd7 8.e3 
b6 9.f3 c5 10.Bd3 Ba6 11.Qb3 h6 12.Bh4 cxd4 13.exd4 e5 14.Qa4 Qc8 15.Bxf6 
Nxf6 16.Ne2 exd4 17.O-O d5 18.Rac1 Qb7 19.Nxd4 Rac8 20.Nb5 Rfd8 21.cxd5 
Rxc1 22.Rxc1 Qxd5 23.Bf1 Qd2 24.Qc2 Qxc2 25.Rxc2 Rd1 26.a4 Nd5 27.Re2 Nc7 
28.Kf2 Nxb5 29.Re8+ Kh7 30.Bxb5 Bxb5 31.axb5 Rd2+ 32.Re2 Rd5 33.Re7 Rxb5 
34.Rxa7 Rxb2+ 35.Kg3 Kg6 36.h4 Kf6 37.Rb7 Ke6 38.h5 Kf6 39.Kh3 Rb5 40.g4 
g6 41.hxg6 fxg6 42.Kg3 Rb4 43.Rh7 Kg5 44.Rd7 h5 45.Rd5+ Kh6 46.Rd7 Rb3 47.
gxh5 gxh5 48.Rd6+ Kg5 49.Rd5+ Kg6 50.Rd6+ Kg7 51.Rd7+ Kf6 52.Rd6+ Ke7 53.
Rd5 h4+ 54.Kg4 Rb4+ 55.f4 h3 56.Rh5 Rb3 57.Rh6 b5 58.Kf5 b4 59.Rh7+ Kd6 
0-1

[Event "6th EUR-ch (w) WCC playoff"]
[Site "Chisinau MDA"]
[Date "2005.06.24"]
[Round "1.3"]
[White "Ovod, Evgenia"]
[Black "Bojkovic, Natasa"]
[Result "1/2-1/2"]
[WhiteElo "2305"]
[BlackElo "2371"]
[EventDate "2005.06.24"]
[PlyCount "91"]

1.d4 Nf6 2.c4 e6 3.Nc3 Bb4 4.Qc2 O-O 5.a3 Bxc3+ 6.Qxc3 b6 7.Bg5 d6 8.e3 
Nbd7 9.Bd3 c5 10.Ne2 Ba6 11.O-O Rc8 12.Qb3 Qc7 13.Rac1 Qb8 14.Rfd1 Rfe8 
15.Qa4 Bb7 16.b4 Bc6 17.Qb3 h6 18.Bh4 Qa8 19.f3 d5 20.Bf2 dxc4 21.Bxc4 b5 
22.Bxe6 fxe6 23.dxc5 Ne5 24.Nf4 Bd5 25.Qc3 Nf7 26.e4 Bc4 27.Ng6 Kh7 28.Ne5
Nxe5 29.Qxe5 a5 30.Bh4 Rf8 31.Bxf6 Rxf6 32.Rd7 Rcf8 33.Rcd1 axb4 34.axb4 
Qa3 35.h4 Qe3+ 36.Kh1 Qf2 37.h5 R8f7 38.c6 Bf1 39.Qh2 Rf8 40.c7 Rc8 41.Re7
Be2 42.Rdd7 Qe1+ 43.Qg1 Qh4+ 44.Qh2 Qe1+ 45.Qg1 Qh4+ 46.Qh2 1/2-1/2

[Event "6th EUR-ch (w) WCC playoff"]
[Site "Chisinau MDA"]
[Date "2005.06.24"]
[Round "1.5"]
[White "Bojkovic, Natasa"]
[Black "Ovod, Evgenia"]
[Result "1-0"]
[WhiteElo "2371"]
[BlackElo "2305"]
[EventDate "2005.06.24"]
[PlyCount "85"]

1.e4 e5 2.Nf3 Nc6 3.Bb5 Bc5 4.O-O Nf6 5.Re1 O-O 6.c3 d6 7.d4 Bb6 8.h3 Qe7 
9.Bf1 h6 10.a3 a5 11.a4 Nb8 12.Na3 c6 13.Nc4 Bc7 14.dxe5 dxe5 15.Qc2 Nbd7 
16.Be3 Re8 17.Reb1 Nf8 18.b4 axb4 19.cxb4 Ng6 20.Bc5 Qe6 21.Ne3 Nh5 22.Nf5
Qf6 23.Rd1 Be6 24.Nh2 Nhf4 25.g3 Nh5 26.Be3 Bxf5 27.exf5 Ne7 28.Rd7 Rac8 
29.Bc4 Rf8 30.Rad1 Nxf5 31.Ng4 Qg6 32.Bd3 Nxe3 33.Nxe3 e4 34.Bxe4 Qf6 35.
Bh7+ Kh8 36.Be4 Rfe8 37.Bg2 Nxg3 38.Ng4 Qg5 39.fxg3 h5 40.Qd2 Qg6 41.Qd3 
Qg5 42.Qd2 Qg6 43.Kh2 1-0

[Event "6th EUR-ch (w) WCC playoff"]
[Site "Chisinau MDA"]
[Date "2005.06.24"]
[Round "1.1"]
[White "Skripchenko, Almira"]
[Black "Lomineishvili, Maia"]
[Result "1-0"]
[WhiteElo "2453"]
[BlackElo "2396"]
[EventDate "2005.06.24"]
[PlyCount "65"]

1.e4 c6 2.d4 d5 3.Nd2 dxe4 4.Nxe4 Bf5 5.Ng3 Bg6 6.h4 h6 7.Nf3 Nd7 8.h5 Bh7
9.Bd3 Bxd3 10.Qxd3 e6 11.Bf4 Ngf6 12.O-O-O Qa5 13.Kb1 Be7 14.Ne5 O-O 15.
Nxd7 Nxd7 16.Ne4 Nf6 17.g4 Rad8 18.c3 Nxe4 19.Qxe4 Bf6 20.Rhg1 Rd5 21.Be3 
Rfd8 22.f4 Rb5 23.Qc2 Rbd5 24.Qe4 Rb5 25.Ka1 Be7 26.Qc2 Rbd5 27.c4 R5d7 
28.g5 hxg5 29.fxg5 Qf5 30.Qe2 b5 31.Rdf1 Qh3 32.Rh1 Qg3 33.Bf4 1-0

[Event "6th EUR-ch (w) WCC playoff"]
[Site "Chisinau MDA"]
[Date "2005.06.24"]
[Round "1.2"]
[White "Lomineishvili, Maia"]
[Black "Skripchenko, Almira"]
[Result "1-0"]
[WhiteElo "2396"]
[BlackElo "2453"]
[EventDate "2005.06.24"]
[PlyCount "145"]

1.d4 Nf6 2.c4 e6 3.Nf3 c5 4.d5 d6 5.Nc3 exd5 6.cxd5 g6 7.Bf4 a6 8.a4 Bg7 
9.h3 O-O 10.Nd2 Re8 11.e3 Nh5 12.Bh2 f5 13.Be2 Nf6 14.O-O b6 15.Nc4 Bf8 
16.Qb3 Ra7 17.Qxb6 Qxb6 18.Nxb6 Rb7 19.a5 Nfd7 20.Nca4 Ne5 21.Nxc8 Rxc8 
22.Nb6 Re8 23.Rab1 Nbd7 24.Bxa6 Ra7 25.Bb5 Rb8 26.Bxd7 Nxd7 27.Nc4 Ra6 28.
b3 Nf6 29.Rfd1 h6 30.f3 Kf7 31.g4 Be7 32.Kf2 Ne8 33.e4 fxe4 34.fxe4 Bg5 
35.e5 dxe5 36.Nxe5+ Kg8 37.Nc6 Rb7 38.Kg2 Nf6 39.Bg1 Rb5 40.Ne7+ Kf7 41.
Nc6 Nxd5 42.Rxd5 Rxc6 43.Rd7+ Ke6 44.Ra7 Bd2 45.a6 Ra5 46.Rd1 Bb4 47.Rg7 
Raxa6 48.Rxg6+ Kf7 49.Rxc6 Rxc6 50.Rc1 Ke6 51.Kf3 Kd5 52.Be3 Rf6+ 53.Ke2 
Re6 54.Rd1+ Kc6 55.Kf3 Rf6+ 56.Ke4 Re6+ 57.Kf3 Rf6+ 58.Ke2 Re6 59.Rd8 Bc3 
60.Kd3 Ba5 61.Rh8 Kb5 62.Rxh6 Re8 63.Rh5 Bb6 64.Bd2 Rd8+ 65.Kc2 Ra8 66.g5 
Ra2+ 67.Kd3 Rb2 68.Kc3 Ra2 69.Be3 Ba5+ 70.Kd3 Rb2 71.g6 Rxb3+ 72.Ke4 Rb4+ 
73.Kf3 1-0

[Event "6th EUR-ch (w) WCC playoff"]
[Site "Chisinau MDA"]
[Date "2005.06.24"]
[Round "1.3"]
[White "Skripchenko, Almira"]
[Black "Lomineishvili, Maia"]
[Result "1-0"]
[WhiteElo "2453"]
[BlackElo "2396"]
[EventDate "2005.06.24"]
[PlyCount "71"]

1.e4 c5 2.Nf3 d6 3.c3 Nf6 4.Be2 Bg4 5.O-O e6 6.h3 Bxf3 7.Bxf3 Nc6 8.d4 
cxd4 9.cxd4 d5 10.exd5 Nxd5 11.Nc3 Be7 12.Nxd5 exd5 13.Be3 O-O 14.Qb3 Bf6 
15.Rfd1 Qb6 16.Bxd5 Rad8 17.Bxc6 Qxc6 18.d5 Qa6 19.Rd2 Rd7 20.Rad1 Rfd8 
21.Bf4 h6 22.a3 Qa5 23.Qf3 Qb6 24.b4 a6 25.Be3 Qd6 26.Bf4 Qb6 27.d6 Kh7 
28.Rd5 Qc6 29.Qd3+ Kg8 30.Qf5 Qc3 31.R5d3 Qb2 32.R1d2 Qa1+ 33.Kh2 b5 34.
Bg3 Bg5 35.Rd1 Bf6 36.Rxa1 1-0

[Event "6th EUR-ch (w) WCC playoff"]
[Site "Chisinau MDA"]
[Date "2005.06.24"]
[Round "1.4"]
[White "Lomineishvili, Maia"]
[Black "Skripchenko, Almira"]
[Result "0-1"]
[WhiteElo "2396"]
[BlackElo "2453"]
[EventDate "2005.06.24"]
[PlyCount "126"]

1.d4 d5 2.c4 dxc4 3.Nf3 e6 4.e3 c5 5.Bxc4 a6 6.O-O Nf6 7.Bd3 b6 8.Nc3 Bb7 
9.Qe2 Nbd7 10.Rd1 Qc7 11.e4 cxd4 12.Nxd4 Bd6 13.h3 O-O 14.Bg5 Bh2+ 15.Kh1 
Bf4 16.Bh4 b5 17.a3 h6 18.Bxf6 Nxf6 19.Nf3 Nd7 20.g3 Be5 21.Rac1 Bxc3 22.
Rxc3 Qb6 23.Bb1 Rfd8 24.Kh2 Nf8 25.Rdc1 Rac8 26.Ne5 Rxc3 27.Rxc3 Qd6 28.
Rd3 Qc7 29.Rxd8 Qxd8 30.Qf3 Qc7 31.Ng4 Ng6 32.Qd3 Nf8 33.e5 Qc6 34.f3 Qxf3
35.Qxf3 Bxf3 36.Ne3 Nd7 37.a4 bxa4 38.Bd3 Nxe5 39.Bxa6 Bc6 40.g4 Kf8 41.
Kg3 Ke7 42.Kf4 Kd6 43.Nc2 Nd7 44.Nb4 Nc5 45.Bc4 Bd5 46.Bb5 Bb3 47.Ke3 e5 
48.h4 g6 49.Be8 Ke7 50.Bb5 f5 51.g5 hxg5 52.hxg5 Ne6 53.Nc6+ Kd6 54.Na5 
Nxg5 55.Nxb3 axb3 56.Be8 f4+ 57.Ke2 e4 58.Bxg6 Ke5 59.Bh5 Kd4 60.Bg4 f3+ 
61.Kf2 e3+ 62.Ke1 f2+ 63.Ke2 Ne4 0-1

[Event "6th EUR-ch (w) WCC playoff"]
[Site "Chisinau MDA"]
[Date "2005.06.24"]
[Round "2.1"]
[White "Matnadze, Ana"]
[Black "Skripchenko, Almira"]
[Result "0-1"]
[WhiteElo "2376"]
[BlackElo "2453"]
[EventDate "2005.06.24"]
[PlyCount "212"]

1.d4 e6 2.c4 d5 3.Nf3 Nf6 4.g3 Bb4+ 5.Bd2 a5 6.Bg2 dxc4 7.O-O Nc6 8.Bf4 
Rb8 9.Qc2 Bd6 10.Qxc4 Bxf4 11.gxf4 O-O 12.Nc3 Nd5 13.e3 Nce7 14.Ne2 Qd6 
15.Rfc1 c6 16.Ng3 f6 17.a3 Bd7 18.Ne4 Qc7 19.Nc5 Kh8 20.Bh3 Nf5 21.Nd3 Nd6
22.Qc2 Rbe8 23.Nc5 Bc8 24.Bg2 Qf7 25.Ne4 Nxe4 26.Qxe4 Qh5 27.Kh1 Bd7 28.
Rc5 b6 29.Rcc1 a4 30.Qc2 b5 31.Qc5 e5 32.dxe5 Bh3 33.Bxh3 Qxh3 34.Ng1 Qh4 
35.Qxc6 Ne7 36.Qxb5 fxe5 37.Qxa4 exf4 38.Rc4 Ng6 39.Rf1 Qg5 40.exf4 Nxf4 
41.Rxf4 Qxf4 42.Qxf4 Rxf4 43.f3 Rd4 44.Rf2 Red8 45.Kg2 Rd2 46.b4 R8d3 47.
Rxd2 Rxd2+ 48.Kg3 Ra2 49.Nh3 Rxa3 50.Nf4 Rb3 51.Nd5 Rd3 52.Nf4 Rd4 53.b5 
Rb4 54.h4 Rxb5 55.Kg4 Kg8 56.Nd3 Rd5 57.Nf4 Rd4 58.Kg3 Kf7 59.Ne2 Ra4 60.
Nc3 Ra1 61.Ne4 Kg6 62.Nf2 Kf5 63.Nh3 g6 64.Nf2 Ra4 65.Nh3 Ke5 66.Nf2 Ra7 
67.Nd3+ Kd4 68.Nf4 Rf7 69.Ng2 Rf5 70.Nf4 Ke3 71.Ng2+ Kd3 72.Nf4+ Kd4 73.
Ng2 Ke5 74.Ne3 Rf8 75.Ng2 Re8 76.Ne3 Kf6 77.Ng4+ Kf5 78.Nf2 Rb8 79.Ng4 h5 
80.Ne3+ Ke5 81.Ng2 Rb4 82.Ne3 Ra4 83.Ng2 Ra1 84.Kf2 Rh1 85.Kg3 Ra1 86.Kf2 
Ra3 87.Kg3 Kf6 88.Nf4 Kf5 89.Nh3 Ra1 90.Kg2 Ke5 91.Kg3 Rb1 92.Nf4 Rb6 93.
Nh3 Rf6 94.Ng5 Kd4 95.Ne4 Rf5 96.Kf2 Rf4 97.Ng3 Rxh4 98.Ne2+ Ke5 99.Kg3 
Ra4 100.Ng1 g5 101.Nh3 Kf5 102.Nf2 Ra3 103.Ne4 g4 104.Nd2 Rd3 105.Kh4 Rxd2
106.fxg4+ hxg4 0-1

[Event "6th EUR-ch (w) WCC playoff"]
[Site "Chisinau MDA"]
[Date "2005.06.24"]
[Round "2.2"]
[White "Skripchenko, Almira"]
[Black "Matnadze, Ana"]
[Result "0-1"]
[WhiteElo "2453"]
[BlackElo "2376"]
[EventDate "2005.06.24"]
[PlyCount "86"]

1.e4 c5 2.Nf3 d6 3.c3 Nf6 4.Be2 Bg4 5.h3 Bh5 6.O-O e6 7.d3 Nc6 8.Nbd2 d5 
9.Re1 Be7 10.Qb3 Qc7 11.exd5 Nxd5 12.Nc4 O-O 13.a4 Rad8 14.a5 Bg6 15.Bf1 
Bf6 16.Qb5 a6 17.Qb3 Rd7 18.Be3 Nxe3 19.Rxe3 Rfd8 20.Nb6 Rd6 21.Nc4 R6d7 
22.Nb6 Re7 23.Nc4 Ree8 24.Qa3 Ne7 25.Nfe5 Nd5 26.Ree1 Bf5 27.Ng4 Nf4 28.
Nxf6+ gxf6 29.Re3 Kh8 30.Nd2 Rg8 31.Kh1 Bxd3 32.Bxd3 Rxd3 33.Rxd3 Nxd3 34.
Ne4 f5 35.Nf6 Nxf2+ 36.Kg1 Nxh3+ 37.Kh1 Rg6 38.c4 Rxf6 39.Qxh3 Qf4 40.Kg1 
Qd4+ 41.Kh1 Qf4 42.Qc3 e5 43.Ra3 Qf1+ 0-1

[Event "6th EUR-ch (w) WCC playoff"]
[Site "Chisinau MDA"]
[Date "2005.06.24"]
[Round "2.3"]
[White "Matnadze, Ana"]
[Black "Skripchenko, Almira"]
[Result "1/2-1/2"]
[WhiteElo "2376"]
[BlackElo "2453"]
[EventDate "2005.06.24"]
[PlyCount "34"]

1.d4 e6 2.c4 d5 3.Nf3 Nf6 4.g3 Bb4+ 5.Bd2 a5 6.Bg2 dxc4 7.O-O Nc6 8.Bf4 
Bd6 9.Bg5 Rb8 10.a4 Be7 11.Na3 Bxa3 12.Rxa3 b6 13.Ne5 Nxe5 14.dxe5 Qxd1 
15.Rxd1 Nd5 16.Bxd5 exd5 17.Rxd5 Be6 1/2-1/2

[Event "6th EUR-ch (w) WCC playoff"]
[Site "Chisinau MDA"]
[Date "2005.06.24"]
[Round "2.4"]
[White "Skripchenko, Almira"]
[Black "Matnadze, Ana"]
[Result "1/2-1/2"]
[WhiteElo "2453"]
[BlackElo "2376"]
[EventDate "2005.06.24"]
[PlyCount "61"]

1.e4 c5 2.Nc3 d6 3.f4 Nc6 4.Nf3 g6 5.Bb5 Bd7 6.O-O Bg7 7.d3 a6 8.Bxc6 Bxc6
9.Qe1 Qd7 10.Be3 Nf6 11.Kh1 Nh5 12.d4 f5 13.d5 Bb5 14.Nxb5 axb5 15.exf5 
Qxf5 16.Qe2 O-O 17.c4 bxc4 18.Qxc4 b5 19.Qxb5 Rab8 20.Qc6 Rxb2 21.Rae1 Rc8
22.Qa6 Rcb8 23.Bc1 R2b6 24.Qe2 R6b7 25.Qd1 Nf6 26.Ne5 Kh8 27.Nf7+ Kg8 28.
Ne5 Kh8 29.Nf7+ Kg8 30.Ne5 Kh8 31.Nf7+ 1/2-1/2

[Event "6th EUR-ch (w) WCC playoff"]
[Site "Chisinau MDA"]
[Date "2005.06.24"]
[Round "2.6"]
[White "Skripchenko, Almira"]
[Black "Matnadze, Ana"]
[Result "1-0"]
[WhiteElo "2453"]
[BlackElo "2376"]
[EventDate "2005.06.24"]
[PlyCount "63"]

1.e4 c5 2.Nc3 d6 3.f4 Nc6 4.Nf3 g6 5.Bc4 Bg7 6.O-O e6 7.d3 Nge7 8.Qe1 h6 
9.Qg3 a6 10.a3 Nd4 11.Nxd4 cxd4 12.Nd1 d5 13.Bb3 dxe4 14.dxe4 Qc7 15.Nf2 
b5 16.Qd3 Rb8 17.Bd2 g5 18.Qf3 Ng6 19.Nd3 gxf4 20.Nxf4 Ne5 21.Qh3 Qb6 22.
Nh5 Rg8 23.Nxg7+ Rxg7 24.Qxh6 Rg8 25.Qh7 d3+ 26.Kh1 Rf8 27.Bh6 Ng4 28.Bxf8
Nf2+ 29.Rxf2 Qxf2 30.Qh8 d2 31.Bc5+ Kd7 32.Bxf2 1-0

[Event "6th EUR-ch (w) WCC playoff"]
[Site "Chisinau MDA"]
[Date "2005.06.24"]
[Round "2.1"]
[White "Sedina, Elena"]
[Black "Bojkovic, Natasa"]
[Result "0-1"]
[WhiteElo "2422"]
[BlackElo "2371"]
[EventDate "2005.06.24"]
[PlyCount "82"]

1.e4 c5 2.Nf3 e6 3.d4 cxd4 4.Nxd4 a6 5.c4 Nf6 6.Nc3 Qc7 7.a3 b6 8.Be3 Bb7 
9.f3 Be7 10.Rc1 O-O 11.Be2 d6 12.O-O Nbd7 13.b4 Rac8 14.Qd2 Rfe8 15.Rfd1 
Qb8 16.Nb3 Bd8 17.Kh1 Bc7 18.Bf4 Ne5 19.Bxe5 dxe5 20.c5 Red8 21.Qe3 bxc5 
22.Nxc5 a5 23.Ba6 Bxa6 24.Nxa6 Bb6 25.Nc5 axb4 26.axb4 h6 27.Rxd8+ Rxd8 
28.Qe2 Qa7 29.Nb5 Qe7 30.Na4 Bd4 31.Qc4 Nh5 32.Nac3 Qh4 33.Ne2 Be3 34.Ra1 
Qf2 35.Nbc3 Rd2 36.b5 Bd4 37.Rg1 Nf4 38.Nxd4 exd4 39.Nb1 Ne2 40.Qc8+ Kh7 
41.Qc1 Nxc1 0-1

[Event "6th EUR-ch (w) WCC playoff"]
[Site "Chisinau MDA"]
[Date "2005.06.24"]
[Round "2.2"]
[White "Bojkovic, Natasa"]
[Black "Sedina, Elena"]
[Result "1/2-1/2"]
[WhiteElo "2371"]
[BlackElo "2422"]
[EventDate "2005.06.24"]
[PlyCount "114"]

1.e4 c5 2.Nf3 Nc6 3.d4 cxd4 4.Nxd4 g6 5.c4 Bg7 6.Be3 Nf6 7.Nc3 d6 8.Be2 
Bd7 9.O-O O-O 10.Qd2 a6 11.f3 Re8 12.Rfd1 Nxd4 13.Bxd4 Bc6 14.Rac1 Qa5 15.
Rb1 Rec8 16.b4 Qd8 17.Bf1 b6 18.Qf2 Nd7 19.Bxg7 Kxg7 20.a3 a5 21.Ne2 axb4 
22.axb4 Ne5 23.Nd4 Bd7 24.Rbc1 Kg8 25.h3 Ra4 26.Qb2 Rca8 27.Ra1 Qc7 28.
Rxa4 Rxa4 29.Rc1 Qa7 30.Qc3 Ra2 31.Kh2 Qa4 32.Kh1 Ra3 33.Qd2 Ra2 34.Qc3 
Ra3 35.Qd2 Ra1 36.Re1 Ra2 37.Qc3 Ra3 38.Qd2 h5 39.Kg1 Ra2 40.Qc3 Ra3 41.
Qd2 Ra1 42.Rxa1 Qxa1 43.Kf2 Kh7 44.h4 f6 45.Nb3 Qb1 46.Nd4 Kg7 47.Qc3 Qa2+
48.Qc2 Qa1 49.Qd2 Be8 50.Ne6+ Kg8 51.Qh6 Kf7 52.Nc7 Qd4+ 53.Kg3 Bd7 54.
Qh7+ Kf8 55.Qh8+ Kf7 56.Qh7+ Kf8 57.Qh8+ Kf7 1/2-1/2